| 000 | 00583nam a22001937a 4500 | ||
|---|---|---|---|
| 003 | CEME | ||
| 005 | 20210628205655.0 | ||
| 008 | 210312b xxu||||| |||| 00| 0 eng d | ||
| 020 | _a0-07-046479-0 | ||
| 040 | _c. | ||
| 082 | _a621.392 NAV | ||
| 100 |
_aNavabi, Zainalabedin _976584 |
||
| 245 | _aVhdl analysis and modeling of digital systems | ||
| 250 | _a2ND | ||
| 260 |
_aNEWYORK _bMCGRAW HILL _c1998 |
||
| 300 | _a632P | ||
| 650 |
_aVHDL-COMPUTER HARDWARE DESCRIPTION LANGUAGE DIGITAL INTERGARATED CIRCUITS-DESIGN AND CONSTRUCTION-DATA PROCESSING _976585 |
||
| 942 |
_cBK _2ddc |
||
| 999 |
_c581946 _d581946 |
||